| 000 -LEADER |
| fixed length control field |
00491cam a22001457a 4500 |
| 008 - FIXED-LENGTH DATA ELEMENTS--GENERAL INFORMATION |
| fixed length control field |
180718b-- xxu||||| |||| 00| 0 eng d |
| 082 ## - DEWEY DECIMAL CLASSIFICATION NUMBER |
| Classification number |
L806x54521 F/1992-93 |
| 100 ## - MAIN ENTRY--PERSONAL NAME |
| Personal name |
Puducherry. Finance Department |
| 9 (RLIN) |
3563 |
| 245 ## - TITLE STATEMENT |
| Title |
Finance accounts, Puducherry, 1992-93 |
| Statement of responsibility, etc |
by Finance Department |
| 260 ## - PUBLICATION, DISTRIBUTION, ETC. (IMPRINT) |
| Place of publication, distribution, etc |
Puducherry |
| Name of publisher, distributor, etc |
Finance Department |
| Date of publication, distribution, etc |
1993 |
| 300 ## - PHYSICAL DESCRIPTION |
| Extent |
147p. |
| 500 ## - GENERAL NOTE |
| General note |
State name changed from Pondicherry |
| 650 ## - SUBJECT ADDED ENTRY--TOPICAL TERM |
| Topical term or geographic name as entry element |
Finance, Public - Auditing - India - Puducherry |
| 9 (RLIN) |
3564 |
| 942 ## - ADDED ENTRY ELEMENTS (KOHA) |
| Source of classification or shelving scheme |
|